000 00651nam a22001937a 4500
005 20240530110926.0
008 151031s2011 ua a g 000 0 ara d
040 _aEG-CaGPL
082 0 4 _221
_a910.133\
_bأ ج
100 0 _aاشرف محمد عاشور
245 1 0 _aجغرافية التنمية فى عالم متغير /
_cاشرف محمد عاشور
250 _aط. 1
260 _aالقاهرة :
_bدار المعرفة الجامعية ،
_c2008
300 _a394 ص ؛
_c24 سم .
650 0 4 _aالتنمية
650 0 4 _aالتخطيط الاجتماعى
942 _2ddc
_cBK
999 _c66577
_d66577